[Event "CFriend SL-2004-0-00017 email"]
[Site "Chessfriend.com"]
[Date "2004.03.16"]
[Round "?"]
[White "Balaram, Mohanakrishnan"]
[Black "Valencia, Gabriel"]
[Result "1/2-1/2"]
[WhiteElo "933"]
[BlackElo "833"]
[PlyCount "82"]
[EventDate "2004.??.??"]
[EventType "tourn (corr)"]
[EventRounds "8"]
[SourceTitle "Corr 2008"]
[Source "ChessBase"]
[SourceDate "2008.06.24"]
[SourceVersion "1"]
[SourceVersionDate "2008.06.24"]
[SourceQuality "1"]

1. e4 c5 2. Nf3 Nc6 3. d4 cxd4 4. Nxd4 g6 5. Bc4 Bg7 6. Nxc6 bxc6 7. 0-0 Nf6 8. Nc3 0-0 9. Kh1 Nxe4 10. Nxe4 d5 11. Bd3 dxe4 12. Bxe4 Rb8 13. c3 Qxd1 14. Rxd1 Rb6 15. Rb1 Bxc3 16. Be3 Rxb2 17. Rxb2 Bxb2 18. Bxc6 a5 19. Bh6 Be6 20. Bxf8 Kxf8 21. a4 Kg7 22. Kg1 Kf6 23. Rb1 Be5 24. g3 Bd6 25. Rb5 Bb4 26. f4 Bc4 27. Re5 h5 28. Re4 Bd3 29. Re5 Bc3 30. Re3 Bd4 31. Kf2 Bxe3+ 32. Kxe3 Bf5 33. Kd4 g5 34. Kc5 gxf4 35. gxf4 Bc2 36. Kb5 e5 37. fxe5+ Kxe5 38. Kxa5 f5 39. Kb4 Kd4 40. a5 Bd3 41. h4 f4 1/2-1/2

[Event "CFriend SL-2004-0-00017 email"]
[Site "Chessfriend.com"]
[Date "2004.03.16"]
[Round "1"]
[White "Hasidume, Shuji"]
[Black "Valencia, Gabriel"]
[Result "1-0"]
[WhiteElo "1385"]
[BlackElo "844"]
[PlyCount "129"]
[EventDate "2004.??.??"]
[EventType "tourn (corr)"]
[EventRounds "8"]
[SourceTitle "Corr 2024"]
[Source "ChessBase"]
[SourceDate "2023.10.19"]
[SourceVersion "1"]
[SourceVersionDate "2023.10.19"]
[SourceQuality "1"]

1. e4 c5 2. Nf3 d6 3. d4 cxd4 4. Nxd4 Nf6 5. Nc3 g6 6. Be3 Bg7 7. f3 0-0 8. Qd2 Nc6 9. Bc4 Bd7 10. Nxc6 Bxc6 11. 0-0 b5 12. Nxb5 Bxb5 13. Bxb5 a6 14. Bc4 Qc7 15. Qe2 a5 16. c3 Nd7 17. a4 Ne5 18. Bb5 Nc6 19. Rac1 Na7 20. Bc4 Rab8 21. b3 e6 22. f4 Rfd8 23. Qf3 Nc6 24. Rf2 Ne7 25. f5 d5 26. exd5 exd5 27. f6 dxc4 28. Bf4 Qb7 29. fxe7 Qxe7 30. Bxb8 Rxb8 31. Qf4 Rc8 32. bxc4 Bxc3 33. Kh1 Qe6 34. Rfc2 Bb4 35. Rf1 f5 36. Rfc1 Re8 37. c5 Qc6 38. Qc4+ Kg7 39. Qb5 Qe4 40. h3 Re7 41. Rc4 Qe5 42. c6 Qg3 43. Rxb4 Re1+ 44. Rxe1 Qxe1+ 45. Kh2 axb4 46. c7 Qc3 47. Qd7+ Kh6 48. Qd6 b3 49. Qf8+ Kg5 50. h4+ Kg4 51. Qd6 Kh5 52. Qf4 h6 53. g3 Qc2+ 54. Kh3 Qd1 55. Kg2 Qe2+ 56. Qf2 Qxf2+ 57. Kxf2 b2 58. c8Q b1Q 59. Qe8 Kg4 60. Qe2+ Kh3 61. Qf1+ Qxf1+ 62. Kxf1 Kxg3 63. a5 Kxh4 64. a6 g5 65. a7 1-0

[Event "CFriend SL-2004-0-00017 email"]
[Site "Chessfriend.com"]
[Date "2004.03.16"]
[Round "?"]
[White "Valencia, Gabriel"]
[Black "Aleixandre, Pascal"]
[Result "0-1"]
[WhiteElo "833"]
[BlackElo "863"]
[PlyCount "86"]
[EventDate "2004.??.??"]
[EventType "tourn (corr)"]
[EventRounds "8"]
[SourceTitle "Corr 2008"]
[Source "ChessBase"]
[SourceDate "2008.06.24"]
[SourceVersion "1"]
[SourceVersionDate "2008.06.24"]
[SourceQuality "1"]

1. e4 c5 2. Nf3 e6 3. d4 cxd4 4. Nxd4 Nf6 5. Nc3 Nc6 6. Be3 Bb4 7. Nxc6 bxc6 8. Bd3 d5 9. Bg5 d4 10. a3 Be7 11. Ne2 e5 12. f3 0-0 13. Qd2 Be6 14. Bxf6 Bxf6 15. 0-0 Rb8 16. b4 Bg5 17. f4 Bh6 18. c3 dxc3 19. Qxc3 Qb6+ 20. Kh1 exf4 21. Nxf4 Bxf4 22. Rxf4 Rbc8 23. Rc1 Rc7 24. e5 Rfc8 25. Qc2 g6 26. Qc5 Rd8 27. Be4 Qxc5 28. bxc5 Rd2 29. h3 Bd5 30. Bf3 Rb7 31. Rb4 Rxb4 32. axb4 Bxf3 33. gxf3 Rd7 34. Kg2 Kf8 35. f4 Rd4 36. Ra1 Rxb4 37. Rxa7 Rb5 38. Ra8+ Ke7 39. Rh8 h5 40. f5 Rxc5 41. f6+ Ke6 42. Re8+ Kf5 43. e6 Kxf6 0-1

[Event "IECG CF.2002.0.00035 email"]
[Site "IECG email"]
[Date "2002.10.13"]
[Round "?"]
[White "Hettinga, Kasper"]
[Black "Valencia, Gabriel"]
[Result "1-0"]
[WhiteElo "1000"]
[BlackElo "1000"]
[PlyCount "39"]
[EventDate "2002.10.13"]
[EventType "tourn (corr)"]
[EventRounds "6"]
[SourceTitle "Corr 2008"]
[Source "ChessBase"]
[SourceDate "2008.06.24"]
[SourceVersion "1"]
[SourceVersionDate "2008.06.24"]
[SourceQuality "1"]

1. e4 e5 2. d4 exd4 3. Qxd4 Nc6 4. Qe3 Bb4+ 5. Bd2 Bxd2+ 6. Nxd2 Nf6 7. Ngf3 d5 8. exd5+ Qe7 9. dxc6 Qxe3+ 10. fxe3 Ng4 11. cxb7 Bxb7 12. Nc4 Bd5 13. h3 Bxc4 14. Bxc4 Nxe3 15. Bb3 Nxg2+ 16. Kf2 Nf4 17. Rae1+ Kf8 18. Ng5 f6 19. Ne6+ Nxe6 20. Rxe6 1-0